[Event "C.to Italiano di Categoria C"]
[Site "Civitanova Marche ITA"]
[Date "2012.07.18"]
[Round "4"]
[White "Occhipinti, Giuseppe"]
[Black "Falchi, Claudio"]
[WhiteElo "1971"]
[BlackElo "1849"]
[Result "1-0"]
[PlyCount "89"]
[EventDate "2012.07.15"]

1. e4 e6 2. d4 d5 3. Nc3 Bb4 4. e5 c5 5. a3 Bxc3+ 6. bxc3 Qa5 7. Bd2 Qa4 8. Nf3
b6 9. Bd3 Ba6 10. O-O Bxd3 11. cxd3 Qxd1 12. Rfxd1 Nd7 13. a4 Ne7 14. Rdb1 Nc6
15. Be3 cxd4 16. cxd4 O-O 17. Rc1 Rac8 18. Rc3 Ne7 19. Rb3 Nc6 20. Bd2 Rb8 21.
Rc1 Rfc8 22. Rbc3 Ne7 23. Rc7 Rd8 24. Rxa7 Nc8 25. Rac7 Ra8 26. Bb4 h6 27. Kf1
Kh7 28. Bd6 Nxd6 29. exd6 Rxa4 30. Ne5 Nxe5 31. dxe5 Kg6 32. g3 Kf5 33. f4 Kg4
34. Rxf7 Kf3 35. f5 exf5 36. Rxf5+ Ke3 37. Rf7 b5 38. d7 b4 39. Rc8 Ra8 40.
Rxd8 Rxd8 41. e6 b3 42. Rf2 Ra8 43. e7 Ra1+ 44. Kg2 Ra8 45. e8=Q+ 1-0

[Event "C.to Italiano di Categoria C"]
[Site "Civitanova Marche ITA"]
[Date "2012.07.18"]
[Round "4"]
[White "Piana, Ricardo"]
[Black "Bruglia Prazio, Orlando"]
[WhiteElo "1808"]
[BlackElo "1933"]
[Result "1-0"]
[PlyCount "63"]
[EventDate "2012.07.15"]

1. e4 e6 2. d4 d5 3. e5 c5 4. Nf3 Nc6 5. Bd3 Bd7 6. O-O Qc7 7. Re1 Be7 8. Bf4
h6 9. Na3 a6 10. c4 Nb4 11. Bg3 Bc6 12. cxd5 Bxd5 13. Nc4 Bxc4 14. Bxc4 b5 15.
d5 bxc4 16. d6 Qc6 17. dxe7 Nxe7 18. a3 Rd8 19. Qe2 Nd3 20. Red1 Nf5 21. b3 Nd4
22. Nxd4 cxd4 23. bxc4 Nc5 24. Qg4 O-O 25. Bh4 Rb8 26. Bf6 g6 27. h4 Kh7 28.
Rxd4 Rb2 29. h5 Nb3 30. hxg6+ fxg6 31. Rd6 Qc8 32. Rad1 1-0

[Event "C.to Italiano di Categoria C"]
[Site "Civitanova Marche ITA"]
[Date "2012.07.18"]
[Round "4"]
[White "Serafini, Gino"]
[Black "Vilona, Leonardo"]
[WhiteElo "1849"]
[BlackElo "1806"]
[Result "1-0"]
[PlyCount "51"]
[EventDate "2012.07.15"]

1. e4 e5 2. Nf3 Nf6 3. Nc3 Nc6 4. a3 Bc5 5. Bc4 d6 6. O-O O-O 7. h3 h6 8. b4
Bb6 9. Na4 Nxe4 10. Nxb6 axb6 11. Bb2 Ng5 12. Nh2 Nxh3+ 13. gxh3 Bxh3 14. Qh5
Bxf1 15. Nxf1 Nd4 16. Ne3 Ne6 17. Qg4 Nf4 18. d4 h5 19. Qg3 Qf6 20. dxe5 dxe5
21. Nd5 Nxd5 22. Bxe5 Qh6 23. Bxd5 c6 24. Bc4 Rfd8 25. Kg2 Kf8 26. Rh1 1-0

[Event "C.to Italiano di Categoria C"]
[Site "Civitanova Marche ITA"]
[Date "2012.07.18"]
[Round "4"]
[White "Spano' Cuomo, Gaetano"]
[Black "Ricci, Alessio"]
[WhiteElo "1781"]
[BlackElo "1918"]
[Result "0-1"]
[PlyCount "120"]
[EventDate "2012.07.15"]

1. d4 e6 2. c4 Nf6 3. Nc3 Bb4 4. Nf3 Ne4 5. Qc2 f5 6. e3 b6 7. a3 Bxc3+ 8. bxc3
O-O 9. Nd2 Bb7 10. Nxe4 Bxe4 11. Qe2 Qh4 12. g3 Qg4 13. Rg1 Bf3 14. Qd3 d6 15.
Be2 Nc6 16. Bxf3 Qxf3 17. d5 Ne5 18. Qd1 Qg4 19. Qxg4 fxg4 20. Rh1 Nxc4 21.
dxe6 Rae8 22. Ra2 Rxe6 23. Re2 Re4 24. Kd1 Rf5 25. Kc2 Rh5 26. Ree1 Ne5 27. Rd1
Nf3 28. Kd3 d5 29. Ke2 c6 30. h3 Ne5 31. hxg4 Rxh1 32. Rxh1 Rxg4 33. f4 Nc4 34.
Kf3 Rg6 35. Re1 Re6 36. e4 Kf7 37. e5 g5 38. Rh1 Kg6 39. Rh2 h5 40. a4 g4+ 41.
Ke2 b5 42. Kd3 a6 43. Kd4 Nb6 44. axb5 axb5 45. f5+ Kxf5 46. Rxh5+ Kg6 47. Rg5+
Kf7 48. Rxg4 Nd7 49. Bf4 Re8 50. Rh4 Nf8 51. Kc5 Re6 52. Rh6 Nd7+ 53. Kd4 Rxh6
54. Bxh6 Ke6 55. Bg7 c5+ 56. Ke3 Nxe5 57. Bf8 Nd7 58. Bh6 Kf5 59. Kf3 Ne5+ 60.
Kg2 b4 0-1

[Event "C.to Italiano di Categoria C"]
[Site "Civitanova Marche ITA"]
[Date "2012.07.18"]
[Round "4"]
[White "Tagliaferri, Valerio"]
[Black "Faini, Ivano"]
[WhiteElo "1837"]
[BlackElo "1631"]
[Result "0-1"]
[PlyCount "112"]
[EventDate "2012.07.15"]

1. c4 c5 2. Nc3 g6 3. g3 Bg7 4. Bg2 e5 5. e4 Ne7 6. d3 h6 7. Be3 d6 8. Qd2 Nbc6
9. Nge2 a6 10. a4 b6 11. O-O Na5 12. Rae1 Nb3 13. Qd1 Nd4 14. h3 O-O 15. f4 Rb8
16. fxe5 dxe5 17. Nd5 Nxd5 18. exd5 Qd6 19. Nxd4 cxd4 20. Bd2 Bd7 21. Qb3 a5
22. Qc2 f5 23. b3 Rbe8 24. c5 bxc5 25. Bxa5 Rf7 26. Bd2 Bc8 27. Qc4 Ba6 28. Qc2
e4 29. Bf4 Be5 30. dxe4 Bxf1 31. Rxf1 Bxf4 32. Rxf4 g5 33. Rf1 fxe4 34. Rxf7
Kxf7 35. Bxe4 Qxg3+ 36. Qg2 Qxg2+ 37. Bxg2 Re3 38. Bf1 d3 39. Kf2 d2 40. Be2
Rxb3 41. Bh5+ Ke7 42. Ke2 Rxh3 43. Bg4 Rg3 44. Be6 Ra3 45. Kxd2 Rxa4 46. Kc3
Re4 47. Bf5 Rf4 48. Be6 g4 49. Kd3 h5 50. Ke3 Rb4 51. Kd3 h4 52. Ke3 c4 53.
Bxg4 c3 54. Be6 Rb7 55. Kd3 Rc7 56. Kc2 Rc4 0-1

[Event "C.to Italiano di Categoria C"]
[Site "Civitanova Marche ITA"]
[Date "2012.07.19"]
[Round "5"]
[White "Antonelli, Alessandro"]
[Black "Della Sala, Bruno"]
[WhiteElo "1973"]
[BlackElo "1826"]
[Result "0-1"]
[PlyCount "63"]
[EventDate "2012.07.15"]

1. d4 Nf6 2. c4 c5 3. d5 e6 4. Nc3 exd5 5. cxd5 d6 6. e4 g6 7. f4 Bg7 8. Nf3
O-O 9. Be2 Bg4 10. O-O Nbd7 11. Re1 Ne8 12. h3 Bxf3 13. Bxf3 Nc7 14. a4 Na6 15.
Be3 Nb4 16. Bf2 a6 17. Qd2 Rb8 18. Bg3 Re8 19. Re2 c4 20. Kh1 Nc5 21. e5 Nb3
22. Qd1 Nxa1 23. Qxa1 Nd3 24. e6 fxe6 25. dxe6 Bxc3 26. bxc3 Qf6 27. Bd5 Nxf4
28. Rf2 Qg5 29. Bxf4 Qxd5 30. Bh6 Qxe6 31. Qf1 Qd5 32. Rf6 0-1

[Event "C.to Italiano di Categoria C"]
[Site "Civitanova Marche ITA"]
[Date "2012.07.19"]
[Round "5"]
[White "Benenati, Gianfranco"]
[Black "Spano' Cuomo, Gaetano"]
[WhiteElo "1916"]
[BlackElo "1781"]
[Result "0-1"]
[PlyCount "138"]
[EventDate "2012.07.15"]

1. e4 d6 2. d4 e6 3. Nf3 Nf6 4. Nc3 Be7 5. Bc4 c5 6. dxc5 dxc5 7. O-O a6 8. a4
Qc7 9. Bg5 Nc6 10. Bh4 b6 11. Bg3 Qb7 12. e5 Nh5 13. Qe2 Nxg3 14. fxg3 Qc7 15.
Rad1 Bb7 16. Bd3 O-O 17. Kh1 Nb4 18. Be4 Nc6 19. Qe3 Rad8 20. Ng5 Bxg5 21. Qxg5
Ne7 22. h4 Nd5 23. Nxd5 exd5 24. Bf3 d4 25. h5 h6 26. Qf5 Bxf3 27. gxf3 Qd7 28.
Qxd7 Rxd7 29. b3 Re8 30. Rd3 b5 31. axb5 axb5 32. Kg2 Kf8 33. f4 Ke7 34. Kf3
Ke6 35. Ke4 f5+ 36. Kf3 Ra8 37. Ke2 Ra2 38. Rc1 Kd5 39. Rd2 c4 40. bxc4+ bxc4
41. Rcd1 Kc5 42. Rc1 Rb7 43. Kd1 Kd5 44. Ke2 Rbb2 45. Kd1 Ra3 46. c3 Rxd2+ 47.
Kxd2 d3 48. Rb1 Ra2+ 49. Ke3 Rg2 50. Kf3 Rc2 51. Rb6 Kc5 52. Rb7 Rxc3 53. Rd7
Ra3 54. e6 Ra8 55. g4 fxg4+ 56. Kxg4 Kb4 57. Kf3 Kc3 58. Ke3 Kc2 59. f5 Ra5 60.
Kf4 d2 61. e7 Ra8 62. Rd8 d1=Q 63. Rxa8 Qd6+ 64. Kg4 Qxe7 65. Ra2+ Kb3 66. Rf2
Qe4+ 67. Kh3 Qe3+ 68. Kg2 Qxf2+ 69. Kxf2 c3 0-1

[Event "C.to Italiano di Categoria C"]
[Site "Civitanova Marche ITA"]
[Date "2012.07.19"]
[Round "5"]
[White "Bruglia Prazio, Orlando"]
[Black "Mircoli, Filippo"]
[WhiteElo "1933"]
[BlackElo "1688"]
[Result "0-1"]
[PlyCount "59"]
[EventDate "2012.07.15"]

1. d4 d5 2. Bf4 Nf6 3. e3 c5 4. c3 Nc6 5. Bd3 cxd4 6. exd4 e6 7. Nd2 g6 8. Ngf3
Bg7 9. Bg5 O-O 10. Qe2 Qc7 11. Ne5 Nd7 12. Nxc6 bxc6 13. O-O Qb6 14. Nf3 c5 15.
Rad1 cxd4 16. cxd4 Bb7 17. h4 a5 18. h5 h6 19. Be3 g5 20. Ne5 Nf6 21. f4 Ne4
22. Bxe4 dxe4 23. Nd7 Qc6 24. Nxf8 Ba6 25. Qg4 Kxf8 26. fxg5 Bxf1 27. gxh6 Bh8
28. Rxf1 f5 29. h7 Kf7 30. Rc1 0-1

[Event "C.to Italiano di Categoria C"]
[Site "Civitanova Marche ITA"]
[Date "2012.07.19"]
[Round "5"]
[White "Cocconcelli, Lorenzo"]
[Black "Piana, Ricardo"]
[WhiteElo "1994"]
[BlackElo "1808"]
[Result "1-0"]
[PlyCount "84"]
[EventDate "2012.07.15"]

1. d4 Nf6 2. c4 g6 3. Nc3 Bg7 4. e4 d6 5. Bd3 Na6 6. Nge2 O-O 7. O-O e5 8. d5
Nh5 9. Be3 f5 10. exf5 gxf5 11. f4 e4 12. Bc2 Nf6 13. h3 Qe8 14. Rb1 Nb4 15.
Bb3 a5 16. a3 Nd3 17. Bc2 Nc5 18. b4 axb4 19. axb4 Nd3 20. Bxd3 exd3 21. Qxd3
Ra3 22. Ra1 Rxa1 23. Rxa1 Ne4 24. Bd4 Qe7 25. Rd1 Bh6 26. Qf3 Bg7 27. Kh2 Bd7
28. Bxg7 Kxg7 29. Re1 Ra8 30. Nxe4 Qxe4 31. Qxe4 fxe4 32. Ng3 Ra4 33. Rxe4 Kf6
34. b5 c6 35. bxc6 bxc6 36. dxc6 Bxc6 37. Rd4 Ke6 38. Ne4 Ke7 39. Nxd6 Ra2 40.
Nf5+ Ke8 41. Ne3 Ra3 42. Nd5 Ra2 1-0

[Event "C.to Italiano di Categoria C"]
[Site "Civitanova Marche ITA"]
[Date "2012.07.19"]
[Round "5"]
[White "De Fazio, Giovanni"]
[Black "Altini, Ruggiero"]
[WhiteElo "1756"]
[BlackElo "1873"]
[Result "1-0"]
[PlyCount "73"]
[EventDate "2012.07.15"]

1. e4 c5 2. c3 Nf6 3. e5 Nd5 4. d4 cxd4 5. cxd4 Nc6 6. Nf3 d6 7. Bc4 Nb6 8. Bb5
Bg4 9. O-O e6 10. Nc3 Be7 11. Bf4 dxe5 12. dxe5 O-O 13. Bxc6 bxc6 14. Qe2 Nd5
15. Bd2 Qb8 16. Rab1 Bxf3 17. gxf3 Rd8 18. Kh1 Nxc3 19. Bxc3 Qb5 20. Qe4 Qd5
21. Qg4 Qd3 22. Rg1 Bf8 23. h4 Qf5 24. Qxf5 exf5 25. h5 Rd3 26. Rg3 Rad8 27.
Rbg1 Rd1 28. Rxd1 Rxd1+ 29. Kg2 g6 30. f4 Bc5 31. e6 Rd6 32. b4 Rxe6 33. bxc5
Re4 34. Rd3 f6 35. hxg6 hxg6 36. Bxf6 Kf7 37. Be5 1-0

[Event "C.to Italiano di Categoria C"]
[Site "Civitanova Marche ITA"]
[Date "2012.07.19"]
[Round "5"]
[White "Di Mantino, Mauro"]
[Black "Tortolini, Francesco"]
[WhiteElo "1962"]
[BlackElo "1895"]
[Result "0-1"]
[PlyCount "72"]
[EventDate "2012.07.15"]

1. e3 Nf6 2. b3 g6 3. Bb2 Bg7 4. Nf3 Nc6 5. d4 d5 6. c4 O-O 7. Nc3 Bf5 8. Rc1
e6 9. Be2 Ne4 10. O-O Nxc3 11. Bxc3 a5 12. Qd2 Be4 13. Qb2 h5 14. Rfd1 Qe7 15.
Nd2 Bf5 16. Nf1 h4 17. Nd2 Qg5 18. f4 Qh6 19. Bf3 Rfd8 20. a3 g5 21. g3 hxg3
22. hxg3 gxf4 23. gxf4 Qh3 24. Kf2 Qh2+ 25. Bg2 Bh3 26. Rg1 Bxg2 27. Rxg2 Qh4+
28. Ke2 Kf8 29. Nf3 Qh7 30. Rcg1 Bf6 31. Ne5 Ke7 32. Ng4 Bh8 33. Rh2 Qe4 34.
Be1 Nxd4+ 35. Kd1 Nxb3 36. Qxb3 dxc4+ 0-1

[Event "C.to Italiano di Categoria C"]
[Site "Civitanova Marche ITA"]
[Date "2012.07.19"]
[Round "5"]
[White "Faini, Ivano"]
[Black "Aprile, Martino"]
[WhiteElo "1631"]
[BlackElo "1925"]
[Result "0-1"]
[PlyCount "48"]
[EventDate "2012.07.15"]

1. c4 e5 2. g3 g6 3. Bg2 Bg7 4. e4 Ne7 5. Ne2 O-O 6. O-O d6 7. h3 Nbc6 8. Kh2
f5 9. d3 Be6 10. Nbc3 Qd7 11. a3 Rf7 12. f4 Raf8 13. Nb5 h6 14. exf5 Nxf5 15.
b4 exf4 16. Nxf4 Bxa1 17. Nxc7 Qxc7 18. Nxe6 Qd7 19. Nxf8 Rxf8 20. Bxh6 Bg7 21.
Bxg7 Qxg7 22. Bd5+ Kh7 23. Bxc6 Ne3 24. Qe2 Nxf1+ 0-1

[Event "C.to Italiano di Categoria C"]
[Site "Civitanova Marche ITA"]
[Date "2012.07.19"]
[Round "5"]
[White "Faini, Marco"]
[Black "Battistelli, Alessandro"]
[WhiteElo "1908"]
[BlackElo "1963"]
[Result "1/2-1/2"]
[PlyCount "48"]
[EventDate "2012.07.15"]

1. c4 e5 2. g3 Nc6 3. Bg2 Nf6 4. Nc3 Bb4 5. e4 d6 6. d3 Bxc3+ 7. bxc3 O-O 8.
Ne2 Be6 9. f4 exf4 10. Nxf4 Bg4 11. Qc2 Ne5 12. O-O Bd7 13. Nd5 Nxd5 14. cxd5
Qc8 15. c4 Bh3 16. d4 Bxg2 17. Kxg2 Ng6 18. a3 Qd7 19. Bb2 Rfe8 20. Rae1 f6 21.
Re2 Nh8 22. Rfe1 Nf7 23. e5 fxe5 24. dxe5 dxe5 1/2-1/2

[Event "C.to Italiano di Categoria C"]
[Site "Civitanova Marche ITA"]
[Date "2012.07.19"]
[Round "5"]
[White "Falchi, Claudio"]
[Black "Vilona, Leonardo"]
[WhiteElo "1849"]
[BlackElo "1806"]
[Result "1-0"]
[PlyCount "53"]
[EventDate "2012.07.15"]

1. e4 e5 2. Nf3 Nf6 3. Nxe5 d6 4. Nf3 Nxe4 5. Nc3 Nxc3 6. dxc3 Be7 7. Be3 Nc6
8. Qd2 O-O 9. O-O-O a5 10. Bd3 Bg4 11. h3 Bxf3 12. gxf3 Ne5 13. Be4 Nc4 14.
Bxh7+ Kxh7 15. Qd3+ Kh8 16. Qxc4 Qd7 17. Qg4 Qb5 18. Rhg1 Bf6 19. Bd4 Bxd4 20.
Rxd4 g6 21. h4 Rg8 22. Qf4 Kg7 23. Rg5 Qf1+ 24. Rd1 Qxf2 25. h5 Rgf8 26. Rdg1
Rae8 27. Rxg6+ 1-0

[Event "C.to Italiano di Categoria C"]
[Site "Civitanova Marche ITA"]
[Date "2012.07.19"]
[Round "5"]
[White "Fragni, Enrico"]
[Black "Cautiero, Pietro"]
[WhiteElo "1636"]
[BlackElo "1701"]
[Result "1-0"]
[PlyCount "33"]
[EventDate "2012.07.15"]

1. e4 e6 2. d4 d5 3. Bd3 c5 4. c3 Nc6 5. Nf3 Qb6 6. Bc2 dxe4 7. Bxe4 Nf6 8. Bc2
cxd4 9. cxd4 Bb4+ 10. Nc3 Nd5 11. Qd3 Nce7 12. O-O Bd7 13. Re1 Rc8 14. Bd2 Qc7
15. Rac1 Nxc3 16. bxc3 Bxc3 17. Bb3 1-0

[Event "C.to Italiano di Categoria C"]
[Site "Civitanova Marche ITA"]
[Date "2012.07.19"]
[Round "5"]
[White "Jones, Alessandro"]
[Black "Maddaloni, Giovanni"]
[WhiteElo "1966"]
[BlackElo "1755"]
[Result "1/2-1/2"]
[PlyCount "68"]
[EventDate "2012.07.15"]

1. d4 Nf6 2. Nf3 g6 3. Nbd2 d5 4. e3 Bg7 5. b4 O-O 6. Bb2 Nbd7 7. c4 dxc4 8.
Bxc4 Nb6 9. Bb3 a5 10. a3 Bf5 11. Nc4 Nxc4 12. Bxc4 axb4 13. axb4 Qd6 14. Qb3
Rxa1+ 15. Bxa1 e6 16. O-O h5 17. Rc1 Be4 18. Be2 Ng4 19. g3 Ra8 20. h3 Nh6 21.
Nd2 Bd5 22. Qc3 b6 23. Bb2 Ra7 24. Nc4 Qc6 25. Bf1 Ra2 26. Ra1 Qa4 27. Rxa2
Qxa2 28. Na3 Nf5 29. Bd3 Qb3 30. Qxb3 Bxb3 31. Bc1 Bf8 32. Bd2 c6 33. Nc4 Bxc4
34. Bxc4 b5 1/2-1/2

[Event "C.to Italiano di Categoria C"]
[Site "Civitanova Marche ITA"]
[Date "2012.07.19"]
[Round "5"]
[White "Marani, Luca"]
[Black "Occhipinti, Giuseppe"]
[WhiteElo "1816"]
[BlackElo "1971"]
[Result "0-1"]
[PlyCount "112"]
[EventDate "2012.07.15"]

1. e4 e5 2. Nf3 Nc6 3. Bc4 Bc5 4. c3 Nf6 5. d4 exd4 6. cxd4 Bb4+ 7. Bd2 Bxd2+
8. Nbxd2 d5 9. exd5 Nxd5 10. Qb3 Nce7 11. O-O O-O 12. Rfe1 c6 13. Ne4 h6 14.
Ne5 Nf5 15. Rad1 Re8 16. Nc3 Nfe7 17. Re2 Qb6 18. Nxd5 Nxd5 19. Bxd5 cxd5 20.
Qxd5 Be6 21. Qf3 Rad8 22. d5 Qc7 23. h3 Qd6 24. Red2 Bxh3 25. Nxf7 Bxg2 26. Qf5
Qd7 27. Nxh6+ gxh6 28. Qxd7 Rxd7 29. Kxg2 Kf7 30. d6 Re6 31. f4 Kf6 32. Kf3 Re8
33. Rh1 Rh8 34. Kg4 Rg8+ 35. Kf3 Rh8 36. Ke4 h5 37. Kf3 Ke6 38. Re1+ Kf6 39.
Rc1 Ke6 40. Re1+ Kf6 41. Ree2 h4 42. Rd5 h3 43. Kg3 Rhd8 44. Red2 Rh8 45. Kh2
Rh4 46. Kg3 Rh8 47. Kh2 Rh4 48. Kg3 Rh8 49. Rh2 Rg7+ 50. Kf3 Ke6 51. Rd3 Rd7
52. Re2+ Kf6 53. Kg3 h2 54. Rxh2 Rg7+ 55. Kf3 Rxh2 56. Ke4 Re7+ 0-1

[Event "C.to Italiano di Categoria C"]
[Site "Civitanova Marche ITA"]
[Date "2012.07.19"]
[Round "5"]
[White "Marconi, Luca"]
[Black "Mombelli, Antonio"]
[WhiteElo "1820"]
[BlackElo "1808"]
[Result "1/2-1/2"]
[PlyCount "50"]
[EventDate "2012.07.15"]

1. d4 d5 2. c4 e6 3. Nf3 Nf6 4. e3 Nbd7 5. Nbd2 c6 6. Bd3 Be7 7. b3 b6 8. O-O
Bb7 9. Bb2 O-O 10. Rc1 Rc8 11. e4 dxe4 12. Nxe4 Nxe4 13. Bxe4 Nf6 14. Bb1 c5
15. Qe2 Bxf3 16. gxf3 cxd4 17. Rfd1 Bc5 18. b4 Bxb4 19. Rxd4 Qe7 20. Rh4 Rfd8
21. Qe5 Ba3 22. Bxh7+ Kf8 23. Bc2 Bxb2 24. Rh8+ Ng8 25. Bh7 Qf6 1/2-1/2

[Event "C.to Italiano di Categoria C"]
[Site "Civitanova Marche ITA"]
[Date "2012.07.19"]
[Round "5"]
[White "Medorini, Massimiliano"]
[Black "Danese, Aldo"]
[WhiteElo "1884"]
[BlackElo "1864"]
[Result "0-1"]
[PlyCount "70"]
[EventDate "2012.07.15"]

1. Nf3 b6 2. c4 Bb7 3. Nc3 e6 4. d4 Bb4 5. Qc2 a6 6. e4 Ne7 7. Bd3 d5 8. cxd5
Bxc3+ 9. bxc3 exd5 10. Ba3 Nd7 11. O-O c5 12. Rfe1 h6 13. exd5 Bxd5 14. Rxe7+
Kxe7 15. Re1+ Kf8 16. Be4 Bxe4 17. Qxe4 Kg8 18. dxc5 Nxc5 19. Qf5 Qf6 20. Qd5
Rd8 21. Qc4 Rc8 22. h3 Kh7 23. Rb1 b5 24. Qd5 Rhd8 25. Qe5 Qxe5 26. Nxe5 f6 27.
Ng4 Rd2 28. Rc1 Rxa2 29. Bb4 Nd3 30. Rb1 Nxb4 31. cxb4 Rc6 32. Ne3 Rc1+ 33. Kh2
Rxf2 34. Ra1 Rc6 35. Kg3 Rd2 0-1

[Event "C.to Italiano di Categoria C"]
[Site "Civitanova Marche ITA"]
[Date "2012.07.19"]
[Round "5"]
[White "Nassetti, Francesco"]
[Black "Mastroddi, Giuseppe"]
[WhiteElo "1843"]
[BlackElo "1684"]
[Result "1-0"]
[PlyCount "101"]
[EventDate "2012.07.15"]

1. e4 c5 2. Nf3 d6 3. d4 cxd4 4. Nxd4 Nf6 5. Nc3 g6 6. h3 Bg7 7. g4 O-O 8. Bg2
Nc6 9. Nb3 Be6 10. O-O Bd7 11. Qe2 a6 12. f4 Rb8 13. Be3 b5 14. Bf2 e5 15. f5
b4 16. Nd1 a5 17. a4 Ne7 18. Ne3 Nc6 19. Rfd1 Qc7 20. Nd5 Nxd5 21. Rxd5 Rfc8
22. Rad1 Bf8 23. Nc5 Ra8 24. Nxd7 Qxd7 25. Bc5 Nd4 26. Bxd4 exd4 27. fxg6 fxg6
28. b3 Bg7 29. e5 Qa7 30. Kh1 Bxe5 31. Rxe5 dxe5 32. Qxe5 Rd8 33. Bd5+ Rxd5 34.
Qxd5+ Kg7 35. Rxd4 Rf8 36. Qe5+ Kg8 37. Kg2 Qf7 38. Qd5 Qxd5+ 39. Rxd5 Ra8 40.
Kf3 Ra7 41. Ke4 Kf7 42. Kd4 Ke6 43. Kc4 Rc7+ 44. Rc5 Ra7 45. Kb5 Kd6 46. Kb6
Rb7+ 47. Kxb7 Kxc5 48. g5 Kd6 49. Kb6 Kd5 50. Kxa5 Kc5 51. h4 1-0

[Event "C.to Italiano di Categoria C"]
[Site "Civitanova Marche ITA"]
[Date "2012.07.19"]
[Round "5"]
[White "Piergentili, Roberto"]
[Black "Tagliaferri, Valerio"]
[WhiteElo "1713"]
[BlackElo "1837"]
[Result "1/2-1/2"]
[PlyCount "59"]
[EventDate "2012.07.15"]

1. d4 f5 2. e4 fxe4 3. Nc3 Nf6 4. Bg5 d5 5. Bxf6 exf6 6. Qh5+ g6 7. Qxd5 Bb4 8.
Qxe4+ Kf7 9. Bc4+ Kg7 10. Nge2 Bxc3+ 11. bxc3 Re8 12. Qf3 Nd7 13. O-O Nb6 14.
Bb3 a5 15. a4 Bd7 16. c4 Qc8 17. Nc3 c5 18. d5 Bg4 19. Qg3 Bf5 20. Rfe1 Qd7 21.
Nb5 Rxe1+ 22. Rxe1 Re8 23. Rxe8 Qxe8 24. Qe3 Qxe3 25. fxe3 Nc8 26. Kf2 Bd7 27.
Kf3 g5 28. Ke4 Kf7 29. c3 Ke7 30. Na3 1/2-1/2

[Event "C.to Italiano di Categoria C"]
[Site "Civitanova Marche ITA"]
[Date "2012.07.19"]
[Round "5"]
[White "Quattrini, Massimo"]
[Black "Serafini, Gino"]
[WhiteElo "1944"]
[BlackElo "1849"]
[Result "1-0"]
[PlyCount "121"]
[EventDate "2012.07.15"]

1. e4 e6 2. d4 d5 3. exd5 exd5 4. Nf3 Bd6 5. Be2 Nf6 6. O-O O-O 7. c3 Bf5 8.
Re1 Nbd7 9. Bg5 h6 10. Bh4 c6 11. Nbd2 Qc7 12. Nf1 Rae8 13. Bg3 Ne4 14. Bxd6
Qxd6 15. Ne3 Bg6 16. Ng4 Re6 17. Nge5 Nxe5 18. Nxe5 Bh7 19. Bd3 Nf6 20. Bxh7+
Kxh7 21. Qd2 Kg8 22. Nd3 Rfe8 23. Nc5 R6e7 24. f3 b6 25. Nd3 Nd7 26. Rxe7 Rxe7
27. Re1 c5 28. Re3 c4 29. Nb4 Nf6 30. Qe2 Rxe3 31. Qxe3 a5 32. Nc2 b5 33. a3
Kf8 34. Qe5 Qxe5 35. dxe5 Nd7 36. f4 Ke7 37. Nd4 Nc5 38. Nxb5 Nd3 39. Nc7 Nxf4
40. Kf2 Kd7 41. Kf3 Nd3 42. Nxd5 Nxe5+ 43. Ke4 Ke6 44. Kd4 Nd3 45. Nb6 Nxb2 46.
Nxc4 Na4 47. Nxa5 f5 48. c4 g5 49. Nb7 g4 50. c5 f4 51. Ke4 f3 52. gxf3 gxf3
53. Kxf3 Kd7 54. h4 Kc6 55. Nd6 Nxc5 56. Nf5 h5 57. Kf4 Ne6+ 58. Ke5 Nc5 59.
Nd4+ Kb6 60. Kf5 Ka5 61. Kg5 1-0

[Event "C.to Italiano di Categoria C"]
[Site "Civitanova Marche ITA"]
[Date "2012.07.19"]
[Round "5"]
[White "Renzetti, Leonardo"]
[Black "Capossela, Fabio"]
[WhiteElo "1743"]
[BlackElo "1693"]
[Result "1-0"]
[PlyCount "65"]
[EventDate "2012.07.15"]

1. d4 Nf6 2. c4 d5 3. Nc3 g6 4. cxd5 Nxd5 5. e4 Nb6 6. Nf3 Bg7 7. Be3 Nc6 8. h3
O-O 9. Be2 f5 10. e5 h6 11. h4 f4 12. Bc1 Bg4 13. d5 Nxe5 14. Nxe5 Bxe2 15.
Qxe2 Bxe5 16. Qxe5 Rf5 17. Qe6+ Kg7 18. O-O Rf6 19. Qe5 Qd6 20. Bxf4 Nc4 21.
Qxd6 exd6 22. Be3 Rf7 23. b3 Na5 24. Rac1 b6 25. Nb5 Rf5 26. Rxc7+ Kg8 27. Bxh6
Rxd5 28. Re1 Rxb5 29. Ree7 Rh5 30. Rg7+ Kf8 31. Rh7+ Kg8 32. Rcg7+ Kf8 33. Rh8#
1-0

[Event "C.to Italiano di Categoria C"]
[Site "Civitanova Marche ITA"]
[Date "2012.07.19"]
[Round "5"]
[White "Ricci, Alessio"]
[Black "Santeramo, Alessia Carmen"]
[WhiteElo "1918"]
[BlackElo "1834"]
[Result "1-0"]
[PlyCount "107"]
[EventDate "2012.07.15"]

1. d4 d5 2. Nf3 Nf6 3. e3 e6 4. Bd3 Be7 5. O-O O-O 6. b3 c5 7. Bb2 Nc6 8. Nbd2
Qc7 9. a3 Re8 10. Ne5 Bd6 11. f4 Qb6 12. c4 cxd4 13. Nxc6 dxe3 14. Bd4 Bc5 15.
Nf3 bxc6 16. Bxc5 Qxc5 17. b4 Qb6 18. c5 Qc7 19. Ne5 a5 20. Qe2 d4 21. b5 cxb5
22. Bxb5 Qxc5 23. Bxe8 Nxe8 24. Rfc1 Qd5 25. Nc6 Qd6 26. Qd3 Ba6 27. Qxd4 Qxd4
28. Nxd4 Rd8 29. Nc6 Rd2 30. Nxa5 h6 31. Nb3 Rf2 32. Nc5 Bb5 33. Ne4 Rxf4 34.
Nc3 Ba6 35. Re1 Nd6 36. Rxe3 Nf5 37. Re4 Rxe4 38. Nxe4 Nd4 39. Nc5 Bc4 40. a4
Bd5 41. Nd7 Bc6 42. Nb6 Nb3 43. Ra3 Na5 44. Rd3 e5 45. Rc3 Bb7 46. Rc5 Nc6 47.
a5 Nb4 48. Rxe5 g6 49. Rb5 Na6 50. Nd7 Bc6 51. Nf6+ Kg7 52. Rb6 Nb4 53. Rxb4
Kxf6 54. Rb6 1-0

[Event "C.to Italiano di Categoria C"]
[Site "Civitanova Marche ITA"]
[Date "2012.07.19"]
[Round "5"]
[White "Rubini, Alessandro"]
[Black "Gobbo, Francesco"]
[WhiteElo "1917"]
[BlackElo "1982"]
[Result "0-1"]
[PlyCount "106"]
[EventDate "2012.07.15"]

1. e4 c6 2. Nf3 d5 3. Nc3 Bg4 4. h3 Bxf3 5. Qxf3 e6 6. g3 Nf6 7. exd5 cxd5 8.
Bg2 Nc6 9. b3 Be7 10. Bb2 O-O 11. O-O a6 12. a4 Rc8 13. Nd1 b5 14. Ne3 Qb6 15.
axb5 axb5 16. Rfd1 Nd4 17. Bxd4 Qxd4 18. c3 Qb6 19. b4 Ne4 20. Qe2 Ra8 21. Nc2
Nxg3 22. Qd3 Nf5 23. Na3 Bh4 24. Qf3 g6 25. Bf1 Nd6 26. Bd3 Rab8 27. Rf1 Qd8
28. Qe2 Qg5+ 29. Kh1 Qf4 30. Nxb5 Nxb5 31. Bxb5 e5 32. Bc6 Rbd8 33. Qe3 Qf6 34.
b5 Bg5 35. Qd3 e4 36. Qe2 Qe5 37. Kg2 Bf4 38. Ra2 Qg5+ 39. Kh1 f5 40. f3 Qh4
41. Qg2 Rf6 42. Ra8 Rxa8 43. Bxa8 Rd6 44. Rf2 e3 45. dxe3 Bxe3 46. Re2 d4 47.
cxd4 Rxd4 48. Qf1 Bf4 49. Rc2 Qg3 50. Ra2 Be5 51. Bc6 Rh4 52. Rg2 Rxh3+ 53. Kg1
Bd4+ 0-1

[Event "C.to Italiano di Categoria C"]
[Site "Civitanova Marche ITA"]
[Date "2012.07.20"]
[Round "6"]
[White "Altini, Ruggiero"]
[Black "Renzetti, Leonardo"]
[WhiteElo "1873"]
[BlackElo "1743"]
[Result "0-1"]
[PlyCount "64"]
[EventDate "2012.07.15"]

1. d4 Nf6 2. c4 c5 3. d5 e6 4. Nc3 exd5 5. cxd5 d6 6. e4 g6 7. Bd3 Bg7 8. Nge2
O-O 9. f3 Re8 10. Bg5 Na6 11. a3 Nc7 12. Qd2 a6 13. g4 b5 14. b4 c4 15. Bc2 Qe7
16. Qf4 Nfxd5 17. Qd2 Bxc3 18. Nxc3 Qe5 19. Nxd5 Qxa1+ 20. Qd1 Qxd1+ 21. Kxd1
Nxd5 22. exd5 f5 23. gxf5 Bxf5 24. Bxf5 gxf5 25. Bf4 Kf7 26. Kd2 Rg8 27. a4
Rg2+ 28. Ke3 Rb2 29. Bxd6 Rd8 30. Bc5 Rxd5 31. axb5 axb5 32. Kf4 c3 0-1

[Event "C.to Italiano di Categoria C"]
[Site "Civitanova Marche ITA"]
[Date "2012.07.20"]
[Round "6"]
[White "Aprile, Martino"]
[Black "Marani, Luca"]
[WhiteElo "1925"]
[BlackElo "1816"]
[Result "1-0"]
[PlyCount "67"]
[EventDate "2012.07.15"]

1. Nf3 Nf6 2. d4 d5 3. Bf4 e6 4. e3 c5 5. c3 c4 6. Nbd2 b5 7. Be2 Bb7 8. Ne5
Nbd7 9. Ndf3 Be7 10. g4 Nb6 11. h4 Ne4 12. g5 b4 13. Qc2 a5 14. Nd2 Nd6 15. Bh5
Nd7 16. Ke2 Nxe5 17. Bxe5 O-O 18. Rag1 Nf5 19. Bg4 Qd7 20. h5 Bxg5 21. Bxf5
exf5 22. Bxg7 Kxg7 23. Rxg5+ Kf6 24. Rhg1 h6 25. Rg7 Rh8 26. Nf3 Raf8 27. R1g6+
Ke7 28. Ne5 Qc8 29. Qa4 Qd8 30. cxb4 Ba8 31. bxa5 Rhg8 32. Qb4+ Ke8 33. Rxg8
fxg6 34. Rxf8# 1-0